Pompeya : el último día : una catástrofe inesperada /

Documental dramatizado que narra la vida en la ciudad de Pompeya durante las últimas 24 horas anteriores a explosión del volcán Vesubio, el año 79 d.C., apoyado en los escritos de Gaius Plinius Minor, sobreviviente del desastre y en información científica de la exploración de Pompeya y de Herculano.

Guardat en:
Dades bibliogràfiques
Autor principal: Remme, Tilman (realización)
Format: Diapositiva
Idioma:espanyol
Matèries:
Etiquetes: Afegir etiqueta
Sense etiquetes, Sigues el primer a etiquetar aquest registre!

MARC

LEADER 00000ngm^a2200000^a^4500
001 000312024
005 20250521000000.0
009 20260310113104.072
037 |a Acervo ITESO - Biblioteca 
041 |a ESP 
082 |a 945. 730126  |b REM 
100 |a Remme, Tilman  |e (realización) 
245 1 0 |a Pompeya :  |b el último día : una catástrofe inesperada /  |c Realización de T. Remme. 
264 |a México :  |b En Pantalla Producciones Internacionales [distribución],  |c copyright fecha no identificada 
300 |a 1 DVD multirregión  |c (50 min.) 
336 |a imagen móvil bidimensional  |b tdi  |2 rdacontenido 
337 |a video  |b v  |2 rdamedio 
338 |a videodisco  |b vd  |2 rdasoporte 
500 |a Traducción de: Pompeii 
520 |a Documental dramatizado que narra la vida en la ciudad de Pompeya durante las últimas 24 horas anteriores a explosión del volcán Vesubio, el año 79 d.C., apoyado en los escritos de Gaius Plinius Minor, sobreviviente del desastre y en información científica de la exploración de Pompeya y de Herculano. 
546 |a Doblaje al español 
649 |a XX 
650 |a Vida Cotidiana -  |z Pompeya, Italia 
650 |a Erupciones Volcánicas -  |z Pompeya, Italia -  |x Tema Principal 
650 |a Desastres Naturales -  |z Pompeya, Italia 
650 |a Zonas Arqueológicas 
650 |a Excavaciones (Arqueología) 
650 |a Arqueología 
650 |a Pompeya, Italia -  |x Historia -  |x Tema Principal 
650 |a Roma -  |x Historia -  |y Imperio, 31 a.C.-476 d.C. 
650 |a Historia Antigua 
650 |a Pompeya, Italia -  |x Descripción 
650 |a Italia -  |x Descripción 
910 |a Fondo General 
920 |a Audiovisuales - DVDs 
905 |a 302 
901 |a 0500196325  |b IT2  |c DVS  |i C125776  |u 20250521 
902 |a https://opac.biblio.iteso.mx/vufind/Record/000312024